000 00317pab a2200145 454500
008 180718b1999 xxu||||| |||| 00| 0 eng d
100 _aAmani, K.Z.
245 _aRSS without a BJP mask
260 _c1999
300 _ap.8
362 _a8 May
650 _aPolitical parties
773 _aPioneer
909 _a42348
999 _c42348
_d42348